All of Twenty One Pilots - Statistics

General Stats
  • This quiz has been taken 95 times
    10 since last reset
  • The average score is 45 of 137
Answer Stats
Album Song % Correct
Blurryface Goner
67%
No Phun Intended Blasphemy
56%
Regional at Best Slowtown
56%
Blurryface Stressed Out
56%
Regional at Best | Vessel Car Radio
44%
Regional at Best Clear
44%
No Phun Intended Drown
44%
Regional at Best Forest
44%
Regional at Best Guns For Hands
44%
Vessel Guns for Hands
44%
Blurryface Heavydirtysoul
44%
Regional at Best | Vessel Holding Onto You
44%
Vessel House of Gold
44%
Trench Jumpsuit
44%
Other Level of Concern
44%
Trench Levitate
44%
Blurryface Message Man
44%
Blurryface Not Today
44%
Regional at Best | Vessel Ode to Sleep
44%
Blurryface Ride
44%
No Phun Intended TB Saga
44%
No Phun Intended | Regional at Best | Vessel Trees
44%
Other Two
44%
Twenty One Pilots A Car, a Torch, a Death
33%
Johnny Boy EP | Twenty One Pilots Addict With a Pen
33%
Johnny Boy EP | Twenty One Pilots Air Catcher
33%
Regional at Best Anathema
33%
Clancy At The Risk Of Feeling Dumb
33%
Clancy Backslide
33%
Trench Bandito
33%
Regional at Best Be Concerned
33%
Scaled and Icy Bounce Man
33%
Other Cancer
33%
Breach Center Mass
33%
Trench Chlorine
33%
Scaled and Icy Choker
33%
Other Christmas Saves the Year
33%
Breach City Walls
33%
Breach Cottonwood
33%
Trench Cut My Lip
33%
Breach Days Lie Dormant
33%
Blurryface Doubt
33%
Breach Downstairs
33%
Other Drag Path
33%
Breach Drum Show
33%
Blurryface Fairly Local
33%
Vessel Fake You Out
33%
Twenty One Pilots Fall Away
33%
Scaled and Icy Formidable
33%
Johnny Boy EP | Twenty One Pilots Friend, Please
33%
Breach Garbage
33%
Regional at Best Glowing Eyes
33%
Scaled and Icy Good Day
33%
Other Heathens
33%
Blurryface Hometown
33%
Twenty One Pilots Implicit Demand for Proof
33%
Breach Intentions
33%
Twenty One Pilots Isle of Flightless Birds
33%
Johnny Boy EP | Twenty One Pilots Johnny Boy
33%
Blurryface Lane Boy
33%
Clancy Lavish
33%
Trench Leave the City
33%
Trench Legend
33%
Regional at Best Lovely
33%
Twenty One Pilots March to the Sea
33%
Clancy Midwest Indigo
33%
Vessel Migraine
33%
Trench Morph
33%
Scaled and Icy Mulberry Street
33%
Trench My Blood
33%
Clancy Navigating
33%
Trench Neon Gravestones
33%
Scaled and Icy Never Take It
33%
Clancy Next Semester
33%
Trench Nico and the Niners
33%
Scaled and Icy No Chances
33%
Twenty One Pilots Oh Ms. Believer
33%
Clancy Oldie's Station
33%
Breach One Way
33%
Clancy Overcompensate
33%
Clancy Paladin Strait
33%
Trench Pet Cheetah
33%
Blurryface Polarize
33%
No Phun Intended Prove me Wrong
33%
Breach RAWFEAR
33%
Scaled and Icy Redecorate
33%
Breach Robot Voices
33%
Clancy Routines In The Night
33%
Scaled and Icy Saturday
33%
No Phun Intended Save
33%
Vessel Screen
33%
Vessel Semi-Automatic
33%
Scaled and Icy Shy Away
33%
Trench Smithereens
33%
Clancy Snap Back
33%
Breach Tally
33%
Blurryface Tear in My Heart
33%
Breach The Contract
33%
Clancy The Craving (Jenna's Version)
33%
Other The Craving (Single Version)
33%
Trench The Hype
33%
Blurryface The Judge
33%
Twenty One Pilots Trapdoor
33%
Vessel Truce
33%
Clancy Vignette
33%
Twenty One Pilots Before You Start Your Day
22%
No Phun Intended Falling Too
22%
No Phun Intended Hole in the Ground
22%
No Phun Intended I'm a Goner
22%
No Phun Intended Just Like Yesterday
22%
Regional at Best Kitchen Sink
22%
Regional at Best Ruby
22%
Johnny Boy EP | Twenty One Pilots Taxi Cab
22%
Scaled and Icy The Outside
22%
Twenty One Pilots The Pantaloon
22%
Vessel The Run and Go
22%
Johnny Boy EP Time to Say Goodbye
22%
Blurryface We Don't Believe What's on TV
22%
No Phun Intended Whisper
22%
No Phun Intended Chords/Words
11%
No Phun Intended Hear Me Now
11%
No Phun Intended Realize That It's Gone
11%
No Phun Intended Tonight
11%
No Phun Intended I Want to Know
0%
No Phun Intended Never Change
0%
No Phun Intended Taken by Sleep
0%
No Phun Intended Where Did We Go
0%
No matching quizzes found
Score Distribution
Percent of People with Each Score
Percentile by Number Answered
Your Score History
You have not taken this quiz since the last reset